| 000 | 00657nam a22002057a 4500 | ||
|---|---|---|---|
| 005 | 20251108172113.0 | ||
| 008 | 250721s1986 xx 000 0 ara d | ||
| 082 | 1 | 4 | _a591.1/وود |
| 100 | 1 | _aوود، دينس | |
| 245 | 1 | 0 | _aمبادئ علم الفسلجة الحيوانية / |
| 264 | 1 |
_aالموصل : _bجامعة الموصل، _c1986. |
|
| 300 | _a415ص | ||
| 650 | 1 | 7 | _aالحيوان |
| 650 | 1 | 7 | _aالفسيولوجيا |
| 650 | 1 | 7 | _aالتشريح |
| 700 | 1 |
_aالحبيب، عمر عبد المجيد محمد _eترجمة |
|
| 700 | 1 |
_aالمختار، ناثره عز الدين _eترجمة |
|
| 942 |
_2ddc _cBK |
||
| 999 |
_c70540 _d70540 |
||